000 00639nam a2200229Ia 4500
003 OSt
005 20220928111450.0
006 a|||||r|||| 00| 0
007 ta
008 220927b |||||||| |||| 00| 0 eng d
024 _a38667
037 _cTextual
040 _aSDCL
_cSDCL
_beng
041 _2eng
_aeng
082 _aV2:73'C, L4
100 _aHajra Sankar
_9423779
245 0 _aOn the decipherment of the inscriptions of the seals of Harappa and Mohanjodaro
260 _acalcutta
_bSubarnarekha
_c1974
300 _a80p
_ccm.
942 _hV2:73'C, L4
_cTEXL
_2CC
999 _c740333
_d740333